000
00477nam a2200181Ia 4500
008
090123s9999 xx 000 0 und d
082
_b
10039
_a
891.463/नंदा
100
_a
नंदा गुलशन
245
_a
सीमा
250
_a
1
260
_b
मनोरंजन
_c
1977
300
_a
133
600
_a
नंदा गुलशन
630
_a
सीमा
700
_a
नंदा गुलशन
730
_a
सीमा
942
_c
BOOK
999
_c
48105
_d
48105